| 000 | 00356 a2200157 4500 | ||
|---|---|---|---|
| 001 | 74851 | ||
| 020 | _a9788564816008 | ||
| 040 | _cAnchieta - Colégio São Paulo | ||
| 100 | _aBurg, Sarah Emmanuelle | ||
| 240 | 1 | 0 |
_aO segredo do amor _lpor |
| 245 | 1 | 0 | _aO segredo do amor |
| 300 | _a | ||
| 362 | 0 | _a2011 | |
| 650 | 4 | _aLiteratura infantil | |
| 942 | _cBK | ||
| 999 |
_c74851 _d74851 |
||